Interrogating progress in addressing malnutrition in India (Record no. 521980)

000 -LEADER
fixed length control field 00422nam a22001457a 4500
008 - FIXED-LENGTH DATA ELEMENTS--GENERAL INFORMATION
fixed length control field 230306b ||||| |||| 00| 0 eng d
100 ## - MAIN ENTRY--PERSONAL NAME
Personal name Sinha, Dipa
245 ## - TITLE STATEMENT
Title Interrogating progress in addressing malnutrition in India
260 ## - PUBLICATION, DISTRIBUTION, ETC. (IMPRINT)
Place of publication, distribution, etc Social Scientist
300 ## - PHYSICAL DESCRIPTION
Extent 50(9-10), Sep, Oct, 2022: p.59-82
650 ## - SUBJECT ADDED ENTRY--TOPICAL TERM
Topical term or geographic name as entry element Malnutrition
9 (RLIN) 38239
773 ## - HOST ITEM ENTRY
Main entry heading Social Scientist
906 ## - LOCAL DATA ELEMENT F, LDF (RLIN)
Subject DIP NUTRITION
942 ## - ADDED ENTRY ELEMENTS (KOHA)
Item type Articles
Holdings
Withdrawn status Lost status Source of classification or shelving scheme Damaged status Not for loan Permanent location Current location Date acquired Serial Enumeration / chronology Barcode Date last seen Koha item type
          Indian Institute of Public Administration Indian Institute of Public Administration 2023-03-06 50(9-10), Sep, Oct, 2022: p.59-82 AR128243 2023-03-06 Articles

Powered by Koha